00365nam a2200157Ia 4500008004100000082001000041100002200051245001600073250000600089260002800095300000800123600002200131630001600153700002200169730001600191090124s9999 xx 000 0 und d b33713 aSMITH MARTIN CRUZ aGORKY PARK  a0 bBALLANTINE BOOKSc1981 a433 aSMITH MARTIN CRUZ aGORKY PARK  aSMITH MARTIN CRUZ aGORKY PARK